The Penguin dictionary of Third World terms

Αποθηκεύτηκε σε:
Λεπτομέρειες βιβλιογραφικής εγγραφής
Κύριος συγγραφέας: Hadjor, Kofi Buenor
Μορφή: Βιβλίο
Γλώσσα:English
Δημοσίευση: London : Penguin Books, c1993
Σειρά:Penguin reference books
Θέματα:
Ετικέτες: Προσθήκη ετικέτας
Δεν υπάρχουν, Καταχωρήστε ετικέτα πρώτοι!

MARC

LEADER 00000nam a2200000 i 4500
001 1/75610
008 990324s1993 eng d
020 |a 0140512934 
035 |l 10049383 
040 |a GR-MY-UA  |b gre  |e aacr 
041 0 |a eng 
082 0 |a 338.900903 
100 1 |a Hadjor, Kofi Buenor. 
245 1 4 |a The Penguin dictionary of Third World terms /  |c Kofi Buenor Hadjor 
260 |a London :   |b Penguin Books,   |c c1993 
300 |a 305 p. 
490 1 |a Penguin reference books 
504 |a Includes bibliographical references 
651 0 |a Developing countries  |x Dependency on foreign countries. 
651 0 |a Developing countries  |x Dictionaries. 
830 0 |a Penguin reference books 
852 |a INST  |b LESVOS  |e 19990324  |h 338.900903 HAD  |p 005100023038  |q 005100023038  |t REF  |y 23 
901 |a BIBL1-1999-3 
909 |a Λ  |b 062425 
922 |a 1ΕΛΗ  |b 199812  |c ΚΠΣ/ΚΥΒ  |d LEADER 
950 |a 023-1998-09-14 
970 |z 2000/06/ΟΙΚΟΝΟΜΟΠΟΥΛΟΥ ΧΡΙΣΤΙΝΑ 
970 |a ΤΖΑΦΕΡΗ  |b ΕΥΑΓΓΕΛΙΑ  |z 1999/10/18